|
|
|
|
| LEADER |
00000cam a2200000 7i4500 |
| 001 |
0000009725 |
| 002 |
000010590 |
| 005 |
20000330.0 |
| 020 |
|
|
|a 0586218645
|
| 090 |
0 |
0 |
|a 951.05092
|b SAL
|
| 100 |
1 |
|
|a Salisbury, Harrison E
|
| 245 |
1 |
4 |
|a The New Emperors Mao & Deng :
|b a dual biography
|c Harrison E.Salisbury
|
| 260 |
|
|
|a London :
|b Harper Collins Publishers ,
|c 1992
|
| 300 |
|
|
|a 544p. ;
|c 20cm.
|
| 650 |
0 |
0 |
|a Deng Xiaoping
|x Biography
|
| 650 |
0 |
0 |
|a Mao Zedong
|x Biography
|
| 651 |
|
0 |
|a China
|x History
|
| 999 |
|
|
|a 042739
|b BUKU
|c PINJAMAN
|e PERPUSTAKAAN KOMUNITI PETALING JAYA
|
| 999 |
|
|
|a 058252
|b BUKU
|c PINJAMAN
|e PERPUSTAKAAN KOMUNITI PETALING JAYA
|